000 01067nam a2200301 i 4500
003 DO-SdBNP
005 20250408115953.0
007 ta
008 250408b2014 dr ||||| |||| 00| f spa d
020 _a9789945081824
040 _aDO-SdBNP
_bspa
_cBNPHU
_erda
041 _aspa
082 4 _a0
_bP376m
_222
100 1 _a Peguero Rodríguez, René,
_d1961-
_eautor
_4aut.
_978171
245 1 0 _aMemorias de un anfibio /
_cRené Peguero Rodríguez ; corrección y estilo, Alex Ferreras y Pedro Castillo.
246 _aMemorias de un anfibio :
_bnovela
264 _aSanto Domingo :
_bEditorial Santuario,
_c2014.
300 _a194 páginas ;
_c23 cm.
336 _atexto
_btxt
_2rdacontent
337 _asin mediación
_bn
_2rdamedia
338 _avolumen
_bnc
_2rdacarrier
500 _aIncluye datos biográficos del autor en la solapa de la cubierta.
590 _aInventariado, 2025 /LP
700 1 _aAlex Ferreras,
_ecorrección y estilo
_4corr.
_987388
700 1 _aCastillo, Pedro,
_ecorrección y estilo
_4corr.
_987389
910 _aLP
942 _2ddc
_cLBS1
999 _c58669
_d58669